000 00434nam a2200169Ia 4500
003 GCL
008 140319s9999 xx 000 0 eng d
040 _aGCL /
_cGCL
082 0 4 _a891.7
_bL S
100 1 _aELNIN, V.I
245 1 0 _aSELECTED WORKS: IN THREE VOLUMES /
_cELNIN, V.I
260 _a[S.N] :
_bPROGRESS PUBLISHERS ،
_c1967
300 _a814 P
650 0 4 _aLITERATURE
650 0 4 _aRUSSIAN LITERATURE
942 _2ddc
_cBK
999 _c14885
_d14885